000 00287nam a2200121Ia 4500
008 191201s2012 xx 000 0 und d
100 _aSINGH,Sadhu
245 0 _aStrength of Materials
260 _aN. Delhi
_bKhanna pub
_c2012
300 _a1210
650 _aB.Tech(CE)
942 _2ddc
_cBK
999 _c6333
_d6333